[Event "World Chess Olympiad 2018"]
[Site "Batumi"]
[Date "2018.10.03"]
[Round "9"]
[Board "2"]
[WhiteFideId "912336"]
[White "Zajic Milan"]
[BlackFideId "4403940"]
[Black "Rios Cristhian Camilo"]
[Result "1/2-1/2"]
[LiveChessVersion "1.4.8"]
[BlackElo "2465"]
[WhiteElo "2497"]

1. e4 {[%clk 1:30:57]} c5 {[%clk 1:30:46]} 2. Nf3 {[%clk 1:31:16]} Nc6
{[%clk 1:31:07]} 3. d4 {[%clk 1:31:28]} cxd4 {[%clk 1:31:21]} 4. Nxd4
{[%clk 1:31:52]} Nf6 {[%clk 1:31:31]} 5. Nc3 {[%clk 1:32:10]} e5 {[%clk 1:31:15]}
6. Ndb5 {[%clk 1:32:28]} d6 {[%clk 1:31:25]} 7. Bg5 {[%clk 1:32:35]} a6
{[%clk 1:31:35]} 8. Na3 {[%clk 1:32:54]} b5 {[%clk 1:31:50]} 9. Nd5
{[%clk 1:32:35]} Be7 {[%clk 1:31:31]} 10. Bxf6 {[%clk 1:32:06]} Bxf6
{[%clk 1:31:50]} 11. c3 {[%clk 1:32:19]} Bg5 {[%clk 1:30:45]} 12. Nc2
{[%clk 1:32:08]} Rb8 {[%clk 1:30:04]} 13. g3 {[%clk 1:09:42]} O-O
{[%clk 1:24:17]} 14. Bg2 {[%clk 1:09:27]} a5 {[%clk 1:22:35]} 15. O-O
{[%clk 1:09:05]} Ne7 {[%clk 1:16:17]} 16. h4 {[%clk 1:02:04]} Bh6
{[%clk 1:13:58]} 17. Nce3 {[%clk 1:01:21]} Bxe3 {[%clk 1:08:23]} 18. Nxe3
{[%clk 1:01:41]} Be6 {[%clk 1:08:42]} 19. Kh2 {[%clk 0:50:42]} Qb6
{[%clk 0:54:58]} 20. Qd2 {[%clk 0:50:18]} Qc5 {[%clk 0:54:42]} 21. Rfd1
{[%clk 0:44:38]} Rbd8 {[%clk 0:51:35]} 22. b3 {[%clk 0:34:41]} Kh8
{[%clk 0:41:05]} 23. Kg1 {[%clk 0:34:28]} f5 {[%clk 0:34:12]} 24. exf5
{[%clk 0:34:23]} Nxf5 {[%clk 0:33:58]} 25. Nxf5 {[%clk 0:29:39]} Bxf5
{[%clk 0:29:39]} 26. Qe3 {[%clk 0:22:49]} Qc7 {[%clk 0:28:59]} 27. Rd5
{[%clk 0:16:31]} Rb8 {[%clk 0:24:54]} 28. Rad1 {[%clk 0:16:11]} Rb6
{[%clk 0:22:51]} 29. R5d2 {[%clk 0:09:17]} a4 {[%clk 0:19:51]} 30. Bd5
{[%clk 0:08:16]} axb3 {[%clk 0:18:53]} 31. axb3 {[%clk 0:08:41]} Ra6
{[%clk 0:19:05]} 32. Re1 {[%clk 0:06:21]} Bg6 {[%clk 0:17:20]} 33. Red1
{[%clk 0:05:46]} Bh5 {[%clk 0:16:42]} 34. Re1 {[%clk 0:05:01]} Bg6
{[%clk 0:13:29]} 35. Kg2 {[%clk 0:03:55]} Rc8 {[%clk 0:12:43]} 36. c4
{[%clk 0:03:27]} bxc4 {[%clk 0:12:25]} 37. Bxc4 {[%clk 0:03:41]} Rc6
{[%clk 0:11:25]} 38. Qf3 {[%clk 0:03:37]} Qe7 {[%clk 0:07:30]} 39. Kg1
{[%clk 0:01:37]} Rb6 {[%clk 0:06:56]} 40. Red1 {[%clk 0:30:48]} Rf8
{[%clk 0:35:40]} 41. Qe3 {[%clk 0:26:28]} Qc7 {[%clk 0:33:14]} 42. Ra1
{[%clk 0:24:13]} Bh5 {[%clk 0:30:26]} 43. Bd5 {[%clk 0:23:36]} Rb5
{[%clk 0:26:04]} 44. Qg5 {[%clk 0:15:44]} Bf7 {[%clk 0:17:50]} 45. Bxf7
{[%clk 0:08:04]} Qxf7 {[%clk 0:17:41]} 46. Rf1 {[%clk 0:07:33]} h6
{[%clk 0:14:50]} 47. Qg4 {[%clk 0:07:50]} d5 {[%clk 0:14:54]} 48. Qe2
{[%clk 0:07:37]} Qe8 {[%clk 0:14:18]} 49. Rfd1 {[%clk 0:06:23]} d4
{[%clk 0:14:23]} 50. Re1 {[%clk 0:06:27]} Qc6 {[%clk 0:13:38]} 51. Qe4
{[%clk 0:06:16]} Qf6 {[%clk 0:13:31]} 52. b4 {[%clk 0:05:56]} Qd6
{[%clk 0:13:37]} 53. Rdd1 {[%clk 0:05:36]} Rfb8 {[%clk 0:12:50]} 54. Qf5
{[%clk 0:05:14]} Rd5 {[%clk 0:10:54]} 55. Rc1 {[%clk 0:05:26]} Qf6
{[%clk 0:09:18]} 56. Qe4 {[%clk 0:05:42]} Rbd8 {[%clk 0:08:46]} 57. Rc5
{[%clk 0:05:21]} Qe6 {[%clk 0:07:49]} 58. Rxd5 {[%clk 0:05:22]} Rxd5
{[%clk 0:07:31]} 59. b5 {[%clk 0:05:30]} Rxb5 {[%clk 0:02:32]} 60. Qxd4
{[%clk 0:05:49]} Rd5 {[%clk 0:02:20]} 61. Qe4 {[%clk 0:06:05]} Qd6
{[%clk 0:02:43]} 62. Ra1 {[%clk 0:06:14]} Rd1+ {[%clk 0:02:45]} 63. Rxd1
{[%clk 0:06:35]} 1/2-1/2

[Event "World Chess Olympiad 2018"]
[Site "Batumi"]
[Date "2018.10.03"]
[Round "9"]
[Board "3"]
[WhiteFideId "4403304"]
[White "Sanchez Sebastian Felipe"]
[BlackFideId "912123"]
[Black "Nenezic Marko"]
[Result "1/2-1/2"]
[LiveChessVersion "1.4.8"]
[BlackElo "2495"]
[WhiteElo "2424"]

1. d4 {[%clk 1:30:51]} Nf6 {[%clk 1:30:36]} 2. c4 {[%clk 1:31:18]} g6
{[%clk 1:30:42]} 3. Nc3 {[%clk 1:31:45]} Bg7 {[%clk 1:30:59]} 4. e4
{[%clk 1:32:11]} d6 {[%clk 1:31:18]} 5. Bg5 {[%clk 1:32:38]} O-O {[%clk 1:31:24]}
6. Qd2 {[%clk 1:33:04]} c5 {[%clk 1:30:34]} 7. d5 {[%clk 1:33:30]} b5
{[%clk 1:30:17]} 8. cxb5 {[%clk 1:33:29]} a6 {[%clk 1:30:24]} 9. a4
{[%clk 1:33:55]} Qa5 {[%clk 1:26:05]} 10. Ra3 {[%clk 1:32:40]} Qb4
{[%clk 1:22:33]} 11. f3 {[%clk 1:22:46]} Nbd7 {[%clk 1:14:50]} 12. Na2
{[%clk 0:52:05]} Qxd2+ {[%clk 1:14:10]} 13. Bxd2 {[%clk 0:52:32]} axb5
{[%clk 1:00:08]} 14. Bxb5 {[%clk 0:52:25]} Ba6 {[%clk 1:00:06]} 15. Bc6
{[%clk 0:52:39]} Ra7 {[%clk 0:59:42]} 16. Nc3 {[%clk 0:46:23]} Ne5
{[%clk 0:56:56]} 17. Nb5 {[%clk 0:45:17]} Nxc6 {[%clk 0:56:30]} 18. dxc6
{[%clk 0:45:42]} Raa8 {[%clk 0:56:53]} 19. Nc7 {[%clk 0:46:08]} Ra7
{[%clk 0:57:17]} 20. Nb5 {[%clk 0:46:34]} Raa8 {[%clk 0:57:38]} 21. Nc7
{[%clk 0:47:00]} Ra7 {[%clk 0:52:05]} 1/2-1/2

[Event "World Chess Olympiad 2018"]
[Site "Batumi"]
[Date "2018.10.03"]
[Round "9"]
[Board "4"]
[WhiteFideId "950122"]
[White "Ivic Velimir"]
[BlackFideId "4430492"]
[Black "Cardoso Cardoso Jose Gabriel"]
[Result "1-0"]
[LiveChessVersion "1.4.8"]
[BlackElo "2313"]
[WhiteElo "2472"]

1. e4 {[%clk 1:30:56]} c5 {[%clk 1:30:47]} 2. Nf3 {[%clk 1:31:18]} d6
{[%clk 1:31:09]} 3. d4 {[%clk 1:31:41]} cxd4 {[%clk 1:31:32]} 4. Nxd4
{[%clk 1:32:03]} Nf6 {[%clk 1:31:51]} 5. Nc3 {[%clk 1:32:25]} a6 {[%clk 1:32:15]}
6. Be2 {[%clk 1:32:43]} e5 {[%clk 1:32:32]} 7. Nf3 {[%clk 1:33:05]} Be7
{[%clk 1:31:15]} 8. Bg5 {[%clk 1:33:26]} Nbd7 {[%clk 1:29:45]} 9. a4
{[%clk 1:33:39]} O-O {[%clk 1:28:55]} 10. Nd2 {[%clk 1:33:49]} h6
{[%clk 1:27:43]} 11. Be3 {[%clk 1:33:29]} Qc7 {[%clk 1:25:50]} 12. h4
{[%clk 1:30:51]} Nc5 {[%clk 1:05:11]} 13. g4 {[%clk 1:21:26]} Be6
{[%clk 1:01:18]} 14. g5 {[%clk 1:19:39]} hxg5 {[%clk 1:01:19]} 15. hxg5
{[%clk 1:19:36]} Nh7 {[%clk 1:01:04]} 16. Bc4 {[%clk 1:11:23]} g6
{[%clk 0:59:02]} 17. Bxe6 {[%clk 0:59:59]} Nxe6 {[%clk 0:52:03]} 18. Nd5
{[%clk 0:58:49]} Qd8 {[%clk 0:51:53]} 19. Qg4 {[%clk 0:57:28]} Kg7
{[%clk 0:50:27]} 20. Qh4 {[%clk 0:36:25]} Rh8 {[%clk 0:50:30]} 21. Qh6+
{[%clk 0:31:21]} Kg8 {[%clk 0:50:55]} 22. Nxe7+ {[%clk 0:26:45]} Qxe7
{[%clk 0:51:21]} 23. Nc4 {[%clk 0:26:19]} Nd4 {[%clk 0:37:28]} 24. O-O-O
{[%clk 0:20:30]} Ne2+ {[%clk 0:29:45]} 25. Kb1 {[%clk 0:20:46]} d5
{[%clk 0:29:38]} 26. Nb6 {[%clk 0:19:31]} Qf8 {[%clk 0:23:29]} 27. Nxa8
{[%clk 0:19:03]} 1-0

[Event "World Chess Olympiad 2018"]
[Site "Batumi"]
[Date "2018.10.03"]
[Round "9"]
[Board "1"]
[WhiteFideId "12510130"]
[White "Idani Pouya"]
[BlackFideId "4900847"]
[Black "Batchuluun Tsegmed"]
[Result "1/2-1/2"]
[LiveChessVersion "1.4.8"]
[BlackElo "2570"]
[WhiteElo "2589"]

1. e4 {[%clk 1:30:57]} e5 {[%clk 1:30:52]} 2. Nf3 {[%clk 1:31:23]} Nc6
{[%clk 1:31:17]} 3. Bb5 {[%clk 1:31:50]} Nf6 {[%clk 1:31:43]} 4. d3
{[%clk 1:32:16]} Bc5 {[%clk 1:32:08]} 5. c3 {[%clk 1:32:24]} d5 {[%clk 1:32:34]}
6. Nbd2 {[%clk 1:32:11]} dxe4 {[%clk 1:31:01]} 7. dxe4 {[%clk 1:32:35]} O-O
{[%clk 1:30:47]} 8. O-O {[%clk 1:32:43]} Qe7 {[%clk 1:26:40]} 9. Qe2
{[%clk 1:30:59]} a5 {[%clk 1:26:34]} 10. Nb3 {[%clk 1:26:40]} Bb6
{[%clk 1:23:41]} 11. Be3 {[%clk 1:24:19]} Bxe3 {[%clk 1:19:50]} 12. Qxe3
{[%clk 1:24:43]} Na7 {[%clk 1:14:33]} 13. Bd3 {[%clk 1:20:32]} b6
{[%clk 1:12:18]} 14. Nbd2 {[%clk 1:20:18]} Nd7 {[%clk 0:57:32]} 15. Rfd1
{[%clk 1:18:09]} Bb7 {[%clk 0:53:42]} 16. Nc4 {[%clk 1:13:23]} Rfd8
{[%clk 0:48:15]} 17. Qe1 {[%clk 1:07:04]} Nc5 {[%clk 0:39:26]} 18. Bc2
{[%clk 1:06:27]} f6 {[%clk 0:39:53]} 19. Ne3 {[%clk 0:59:25]} Nb5
{[%clk 0:34:11]} 20. Nd5 {[%clk 0:53:50]} Qf7 {[%clk 0:28:54]} 21. Nd2
{[%clk 0:39:51]} Kh8 {[%clk 0:18:17]} 22. Nf1 {[%clk 0:29:52]} Nd6
{[%clk 0:13:31]} 23. f3 {[%clk 0:27:20]} Nc4 {[%clk 0:12:51]} 24. b4
{[%clk 0:23:30]} Na3 {[%clk 0:12:39]} 25. Rac1 {[%clk 0:23:57]} Nxc2
{[%clk 0:12:51]} 26. Rxc2 {[%clk 0:24:23]} Ne6 {[%clk 0:12:36]} 27. Nfe3
{[%clk 0:24:25]} Rd7 {[%clk 0:11:27]} 28. b5 {[%clk 0:23:53]} Rad8
{[%clk 0:11:22]} 29. Rcd2 {[%clk 0:23:45]} Qf8 {[%clk 0:10:14]} 30. Qf2
{[%clk 0:22:20]} Qc5 {[%clk 0:09:26]} 31. c4 {[%clk 0:20:09]} h6 {[%clk 0:05:45]}
32. h3 {[%clk 0:18:48]} Bc8 {[%clk 0:06:02]} 33. Kh2 {[%clk 0:17:01]} Bb7
{[%clk 0:05:41]} 34. Kg1 {[%clk 0:16:42]} Bc8 {[%clk 0:06:07]} 35. Kh2
{[%clk 0:16:46]} Bb7 {[%clk 0:06:36]} 36. Kg1 {[%clk 0:14:45]} Bc8
{[%clk 0:07:01]} 37. Kh2 {[%clk 0:15:05]} Bb7 {[%clk 0:07:30]} 38. Kg1
{[%clk 0:14:30]} Bc8 {[%clk 0:07:53]} 1/2-1/2

[Event "World Chess Olympiad 2018"]
[Site "Batumi"]
[Date "2018.10.03"]
[Round "9"]
[Board "2"]
[WhiteFideId "4901541"]
[White "Bilguun Sumiya"]
[BlackFideId "12521213"]
[Black "Tabatabaei M.amin"]
[Result "1/2-1/2"]
[LiveChessVersion "1.4.8"]
[BlackElo "2576"]
[WhiteElo "2489"]

1. e4 {[%clk 1:30:56]} e5 {[%clk 1:30:56]} 2. Nf3 {[%clk 1:31:16]} Nc6
{[%clk 1:31:22]} 3. Bb5 {[%clk 1:31:27]} Nf6 {[%clk 1:31:12]} 4. d3
{[%clk 1:31:43]} d6 {[%clk 1:30:49]} 5. c3 {[%clk 1:28:36]} Bd7 {[%clk 1:30:40]}
6. O-O {[%clk 1:28:00]} g6 {[%clk 1:30:52]} 7. Re1 {[%clk 1:25:55]} Bg7
{[%clk 1:30:53]} 8. Bg5 {[%clk 1:21:30]} O-O {[%clk 1:29:51]} 9. Nbd2
{[%clk 1:19:12]} h6 {[%clk 1:29:20]} 10. Bh4 {[%clk 1:19:23]} a6 {[%clk 1:22:42]}
11. Ba4 {[%clk 1:19:18]} b5 {[%clk 1:23:06]} 12. Bc2 {[%clk 1:19:28]} Qe8
{[%clk 1:18:15]} 13. Bxf6 {[%clk 0:51:37]} Bxf6 {[%clk 1:18:39]} 14. Nf1
{[%clk 0:51:56]} Bg7 {[%clk 1:17:21]} 15. Ne3 {[%clk 0:48:24]} f5
{[%clk 1:11:42]} 16. exf5 {[%clk 0:35:42]} gxf5 {[%clk 1:11:45]} 17. d4
{[%clk 0:35:59]} e4 {[%clk 1:08:08]} 18. Nh4 {[%clk 0:35:07]} Ne7
{[%clk 1:07:45]} 19. Bb3+ {[%clk 0:29:38]} Kh8 {[%clk 1:00:06]} 20. g3
{[%clk 0:28:24]} c6 {[%clk 0:59:08]} 21. d5 {[%clk 0:28:14]} c5 {[%clk 0:58:39]}
22. f3 {[%clk 0:26:55]} Ng6 {[%clk 0:44:53]} 23. Neg2 {[%clk 0:26:13]} Nxh4
{[%clk 0:44:55]} 24. Nxh4 {[%clk 0:26:30]} Be5 {[%clk 0:41:09]} 25. Qd2
{[%clk 0:24:12]} Kh7 {[%clk 0:40:43]} 26. Ng2 {[%clk 0:16:49]} Qh5
{[%clk 0:30:02]} 27. Bd1 {[%clk 0:14:49]} Qg6 {[%clk 0:20:50]} 28. Kh1
{[%clk 0:12:45]} exf3 {[%clk 0:09:55]} 29. Bxf3 {[%clk 0:13:09]} Rae8
{[%clk 0:09:38]} 30. Nf4 {[%clk 0:07:54]} Qg5 {[%clk 0:09:56]} 31. Re2
{[%clk 0:07:54]} a5 {[%clk 0:09:20]} 32. Rae1 {[%clk 0:07:50]} b4
{[%clk 0:09:32]} 33. c4 {[%clk 0:05:58]} a4 {[%clk 0:09:34]} 34. Qc1
{[%clk 0:04:09]} Bxf4 {[%clk 0:07:39]} 35. Qxf4 {[%clk 0:03:40]} Qxf4
{[%clk 0:07:26]} 36. gxf4 {[%clk 0:03:58]} Kg7 {[%clk 0:06:33]} 37. Re7+
{[%clk 0:03:06]} Kf6 {[%clk 0:05:14]} 38. Rxe8 {[%clk 0:03:29]} Rxe8
{[%clk 0:05:39]} 39. Rxe8 {[%clk 0:03:51]} Bxe8 {[%clk 0:06:07]} 40. a3
{[%clk 0:34:03]} 1/2-1/2

[Event "World Chess Olympiad 2018"]
[Site "Batumi"]
[Date "2018.10.03"]
[Round "9"]
[Board "4"]
[WhiteFideId "4900774"]
[White "Nasanjargal Urtnasan"]
[BlackFideId "12519278"]
[Black "Mosadeghpour Masoud"]
[Result "1-0"]
[LiveChessVersion "1.4.8"]
[BlackElo "2515"]
[WhiteElo "2470"]

1. c4 {[%clk 1:30:56]} e6 {[%clk 1:30:25]} 2. Nf3 {[%clk 1:29:53]} Nf6
{[%clk 1:30:25]} 3. g3 {[%clk 1:30:09]} d5 {[%clk 1:30:45]} 4. d4
{[%clk 1:30:31]} Bb4+ {[%clk 1:31:09]} 5. Bd2 {[%clk 1:30:36]} Bd6
{[%clk 1:31:34]} 6. Bg2 {[%clk 1:30:09]} c6 {[%clk 1:31:56]} 7. O-O
{[%clk 1:27:15]} Nbd7 {[%clk 1:28:51]} 8. Bg5 {[%clk 1:24:46]} O-O
{[%clk 1:11:50]} 9. Nc3 {[%clk 1:21:41]} dxc4 {[%clk 1:07:46]} 10. Nd2
{[%clk 1:18:44]} h6 {[%clk 1:00:17]} 11. Nxc4 {[%clk 1:13:38]} Bc7
{[%clk 1:00:17]} 12. Bf4 {[%clk 1:12:41]} Nb6 {[%clk 0:52:09]} 13. Bxc7
{[%clk 1:09:54]} Qxc7 {[%clk 0:51:34]} 14. Qb3 {[%clk 1:09:31]} Nxc4
{[%clk 0:34:44]} 15. Qxc4 {[%clk 1:09:54]} e5 {[%clk 0:32:57]} 16. d5
{[%clk 1:08:41]} Bd7 {[%clk 0:33:12]} 17. Rfd1 {[%clk 0:57:26]} Rac8
{[%clk 0:26:20]} 18. d6 {[%clk 0:57:42]} Qb8 {[%clk 0:26:35]} 19. a4
{[%clk 0:51:45]} Rcd8 {[%clk 0:18:00]} 20. a5 {[%clk 0:46:06]} Be6
{[%clk 0:16:36]} 21. Qc5 {[%clk 0:35:57]} Ne8 {[%clk 0:13:20]} 22. a6
{[%clk 0:32:38]} Nxd6 {[%clk 0:09:26]} 23. axb7 {[%clk 0:32:58]} Nxb7
{[%clk 0:07:05]} 24. Qxc6 {[%clk 0:30:29]} Rxd1+ {[%clk 0:06:51]} 25. Nxd1
{[%clk 0:30:49]} Nd6 {[%clk 0:06:59]} 26. Qc5 {[%clk 0:28:17]} Nb5
{[%clk 0:05:27]} 27. e3 {[%clk 0:22:56]} Rc8 {[%clk 0:04:21]} 28. Bc6
{[%clk 0:13:00]} Nd6 {[%clk 0:01:45]} 29. Rxa7 {[%clk 0:12:21]} Qb3
{[%clk 0:00:32]} 30. Ra1 {[%clk 0:06:59]} Qb8 {[%clk 0:00:57]} 31. b4
{[%clk 0:04:54]} Bd7 {[%clk 0:00:39]} 32. Ra8 {[%clk 0:04:50]} Qc7
{[%clk 0:00:31]} 33. Bg2 {[%clk 0:03:49]} Ne8 {[%clk 0:00:31]} 34. Rxc8
{[%clk 0:03:01]} Bxc8 {[%clk 0:00:38]} 35. Qxc7 {[%clk 0:02:45]} Nxc7
{[%clk 0:01:07]} 36. Nc3 {[%clk 0:02:50]} Kf8 {[%clk 0:01:15]} 37. Kf1
{[%clk 0:01:18]} Be6 {[%clk 0:01:01]} 38. Ke2 {[%clk 0:01:01]} Ke7
{[%clk 0:00:42]} 39. Bb7 {[%clk 0:00:43]} f5 {[%clk 0:00:31]} 40. Kd3
{[%clk 0:30:50]} e4+ {[%clk 0:30:35]} 41. Kd4 {[%clk 0:25:13]} Kd6
{[%clk 0:30:21]} 42. h4 {[%clk 0:21:12]} h5 {[%clk 0:18:57]} 43. f3
{[%clk 0:19:40]} exf3 {[%clk 0:19:05]} 44. Bxf3 {[%clk 0:20:03]} Bf7
{[%clk 0:19:28]} 45. e4 {[%clk 0:19:12]} Ne6+ {[%clk 0:17:56]} 46. Ke3
{[%clk 0:19:13]} fxe4 {[%clk 0:13:23]} 47. Nxe4+ {[%clk 0:19:03]} Ke5
{[%clk 0:13:47]} 48. Nc5 {[%clk 0:15:52]} Nc7 {[%clk 0:13:17]} 49. Nd3+
{[%clk 0:16:04]} Kf6 {[%clk 0:13:09]} 50. Nf2 {[%clk 0:14:39]} Ke5
{[%clk 0:12:15]} 51. Bc6 {[%clk 0:13:24]} Bc4 {[%clk 0:10:08]} 52. Be4
{[%clk 0:07:17]} Bf1 {[%clk 0:08:16]} 53. Bd3 {[%clk 0:05:41]} Nd5+
{[%clk 0:06:19]} 54. Kf3 {[%clk 0:06:07]} Bxd3 {[%clk 0:06:20]} 55. Nxd3+
{[%clk 0:06:34]} Kf5 {[%clk 0:05:16]} 56. b5 {[%clk 0:06:29]} g5 {[%clk 0:05:16]}
57. Nc5 {[%clk 0:05:13]} gxh4 {[%clk 0:04:06]} 58. gxh4 {[%clk 0:05:40]} Ke5
{[%clk 0:04:08]} 59. Na4 {[%clk 0:05:15]} Nf6 {[%clk 0:02:27]} 60. b6
{[%clk 0:05:07]} Kd6 {[%clk 0:02:39]} 61. Kf4 {[%clk 0:04:35]} Kc6
{[%clk 0:02:24]} 62. Kg5 {[%clk 0:04:55]} Nd7 {[%clk 0:02:41]} 63. Kxh5
{[%clk 0:05:08]} Kb5 {[%clk 0:03:07]} 64. Kg5 {[%clk 0:05:16]} Kxa4
{[%clk 0:03:29]} 65. h5 {[%clk 0:05:35]} 1-0

[Event "World Chess Olympiad 2018"]
[Site "Batumi"]
[Date "2018.10.03"]
[Round "9"]
[Board "1"]
[WhiteFideId "4201345"]
[White "Papaioannou Ioannis"]
[BlackFideId "14200244"]
[Black "Kasimdzhanov Rustam"]
[Result "1/2-1/2"]
[LiveChessVersion "1.4.8"]
[BlackElo "2662"]
[WhiteElo "2634"]

1. d4 {[%clk 1:30:53]} Nf6 {[%clk 1:30:56]} 2. Nf3 {[%clk 1:31:14]} d5
{[%clk 1:31:23]} 3. c4 {[%clk 1:31:37]} e6 {[%clk 1:31:50]} 4. g3
{[%clk 1:31:51]} Be7 {[%clk 1:32:17]} 5. Bg2 {[%clk 1:32:14]} O-O
{[%clk 1:32:43]} 6. O-O {[%clk 1:32:37]} dxc4 {[%clk 1:33:10]} 7. Qc2
{[%clk 1:32:43]} a6 {[%clk 1:33:36]} 8. a4 {[%clk 1:33:06]} Bd7 {[%clk 1:34:03]}
9. Qxc4 {[%clk 1:33:26]} Bc6 {[%clk 1:34:30]} 10. Bg5 {[%clk 1:33:19]} h6
{[%clk 1:34:56]} 11. Bxf6 {[%clk 1:33:42]} Bxf6 {[%clk 1:35:23]} 12. Rd1
{[%clk 1:33:37]} a5 {[%clk 1:34:49]} 13. Nc3 {[%clk 1:33:54]} Bd5
{[%clk 1:35:11]} 14. Qd3 {[%clk 1:29:53]} Bxf3 {[%clk 1:33:26]} 15. Bxf3
{[%clk 1:30:02]} c6 {[%clk 1:33:53]} 16. h4 {[%clk 1:29:16]} Nd7 {[%clk 1:29:55]}
17. h5 {[%clk 1:26:58]} Be7 {[%clk 1:29:23]} 18. Kg2 {[%clk 1:22:30]} Qb6
{[%clk 1:24:19]} 19. Qc2 {[%clk 1:17:38]} Rfd8 {[%clk 1:21:32]} 20. Rac1
{[%clk 1:13:48]} Nf6 {[%clk 1:16:06]} 21. e3 {[%clk 1:13:48]} Rd7
{[%clk 1:15:11]} 22. Ne4 {[%clk 1:08:09]} Rad8 {[%clk 1:06:45]} 23. Nd2
{[%clk 1:05:38]} Qc7 {[%clk 1:05:21]} 24. Nc4 {[%clk 1:04:11]} Bd6
{[%clk 1:01:38]} 25. Qe2 {[%clk 1:01:01]} e5 {[%clk 0:52:53]} 26. dxe5
{[%clk 0:58:27]} Bxe5 {[%clk 0:53:12]} 27. Rxd7 {[%clk 0:56:22]} Nxd7
{[%clk 0:52:32]} 28. Rd1 {[%clk 0:55:05]} Bf6 {[%clk 0:50:30]} 29. Qc2
{[%clk 0:51:06]} Nc5 {[%clk 0:41:42]} 30. b3 {[%clk 0:45:49]} Rxd1
{[%clk 0:36:12]} 31. Bxd1 {[%clk 0:46:13]} Qd8 {[%clk 0:34:10]} 32. Be2
{[%clk 0:46:29]} Be7 {[%clk 0:32:30]} 33. Kg1 {[%clk 0:46:08]} Nd7
{[%clk 0:26:23]} 34. Qf5 {[%clk 0:44:59]} Bb4 {[%clk 0:24:55]} 35. Ne5
{[%clk 0:44:28]} Nxe5 {[%clk 0:24:12]} 36. Qxe5 {[%clk 0:44:51]} Be7
{[%clk 0:14:24]} 37. Bc4 {[%clk 0:43:57]} b6 {[%clk 0:09:06]} 38. Qf5
{[%clk 0:42:42]} Qe8 {[%clk 0:09:13]} 39. Kf1 {[%clk 0:42:35]} Kf8
{[%clk 0:06:38]} 40. Ke2 {[%clk 1:12:03]} Bf6 {[%clk 0:36:01]} 41. f4
{[%clk 1:10:24]} b5 {[%clk 0:11:59]} 42. axb5 {[%clk 1:09:13]} cxb5
{[%clk 0:12:26]} 43. Bxb5 {[%clk 1:09:15]} Qe6 {[%clk 0:12:48]} 44. Qc5+
{[%clk 1:05:17]} Be7 {[%clk 0:13:08]} 45. Qc7 {[%clk 1:04:24]} g5
{[%clk 0:12:12]} 46. hxg6 {[%clk 1:02:54]} Qxg6 {[%clk 0:11:16]} 47. Kf2
{[%clk 1:01:43]} Qh5 {[%clk 0:10:43]} 48. Bf1 {[%clk 0:57:45]} Qc5
{[%clk 0:09:39]} 49. Qb8+ {[%clk 0:57:53]} Kg7 {[%clk 0:10:03]} 50. Bc4
{[%clk 0:58:09]} Qh5 {[%clk 0:05:45]} 51. Kg2 {[%clk 0:57:13]} Bb4
{[%clk 0:03:29]} 52. Qe8 {[%clk 0:51:23]} Qf5 {[%clk 0:02:41]} 53. e4
{[%clk 0:50:35]} Qf6 {[%clk 0:03:03]} 54. Qd7 {[%clk 0:49:32]} Be1
{[%clk 0:02:07]} 55. Qg4+ {[%clk 0:38:32]} Qg6 {[%clk 0:02:15]} 56. Qf3
{[%clk 0:38:58]} h5 {[%clk 0:01:29]} 57. Qe3 {[%clk 0:38:17]} Bb4
{[%clk 0:01:53]} 58. Qd4+ {[%clk 0:38:07]} Kg8 {[%clk 0:02:01]} 59. e5
{[%clk 0:36:51]} Qc2+ {[%clk 0:02:22]} 60. Kf1 {[%clk 0:35:11]} Qc1+
{[%clk 0:02:31]} 61. Kf2 {[%clk 0:33:00]} Qc2+ {[%clk 0:02:10]} 62. Kf3
{[%clk 0:29:03]} Qc3+ {[%clk 0:02:35]} 63. Qxc3 {[%clk 0:28:54]} Bxc3
{[%clk 0:03:01]} 64. Kg2 {[%clk 0:27:17]} Kg7 {[%clk 0:03:02]} 65. Kh3
{[%clk 0:26:49]} f6 {[%clk 0:01:48]} 66. e6 {[%clk 0:26:22]} Kf8 {[%clk 0:02:15]}
67. f5 {[%clk 0:24:47]} Ke7 {[%clk 0:02:26]} 68. Be2 {[%clk 0:25:10]} Be1
{[%clk 0:02:47]} 69. Bxh5 {[%clk 0:25:33]} Bf2 {[%clk 0:03:12]} 70. Kg2
{[%clk 0:23:08]} Be1 {[%clk 0:03:37]} 71. Be2 {[%clk 0:23:22]} Kd6
{[%clk 0:03:51]} 72. Kf3 {[%clk 0:23:13]} Ke7 {[%clk 0:04:17]} 73. g4
{[%clk 0:20:41]} Bd2 {[%clk 0:04:41]} 74. Ke4 {[%clk 0:21:06]} Bc1
{[%clk 0:04:47]} 75. Kd5 {[%clk 0:20:10]} Bd2 {[%clk 0:05:11]} 76. Kc6
{[%clk 0:20:21]} Bc1 {[%clk 0:05:02]} 77. Bf1 {[%clk 0:20:11]} Be3
{[%clk 0:05:19]} 78. Bh3 {[%clk 0:20:19]} Bc1 {[%clk 0:05:37]} 79. Kb6
{[%clk 0:19:56]} Bd2 {[%clk 0:06:03]} 80. Kb5 {[%clk 0:20:14]} Be1
{[%clk 0:06:14]} 1/2-1/2